| 000 | 02306nam a22003137a 4500 | ||
|---|---|---|---|
| 005 | 20110808161721.0 | ||
| 010 | _aB-435968-972 | ||
| 020 |
_c20.00 _a9788184790443 |
||
| 035 | _aB-435968-972 | ||
| 037 | _bब्लयूबेरी बुक्स | ||
| 082 | _a क | ||
| 100 |
_aभारती जगन्नाथन _931936 |
||
| 245 |
_aसमीरा गई बाजा़र / _cभारती जगन्नाथन; प्रीति कृष्णमूर्ति द्वारा चित्रांकित; ऋतु सिंह द्वारा हिंदी अनुवाद |
||
| 246 |
_aSameera gai baazaar _bby Bharti Jagannath |
||
| 260 |
_aनई दिल्ली _bप्रथम बुक्स _c2009 |
||
| 270 |
_bनई दिल्ली _k011-65684113 _l _mwww.prathambooks.org |
||
| 300 |
_a12पृ.; _c22सेमी (अजिल्द) _bसचित्र |
||
| 490 |
_a _931937 |
||
| 500 | _a | ||
| 700 |
_aप्रीति कृष्णमूर्ति _931257 |
||
| 700 |
_aऋतु सिंह _931258 |
||
| 942 |
_2ddc _cCH _mभारती _h क |
||
| 999 |
_c54863 _d54863 |
||